[Event "Stay Safe Play From Home 293"]
[Site "Emanuel Lasker Arena"]
[Date "2020.07.10"]
[Round "1"]
[White "Broken sword"]
[Black "Edmatuag"]
[Result "1-0"]
[WhiteElo "2516"]
[BlackElo "1632"]
[Annotator "TA"]
[PlyCount "69"]
[EventDate "2020.07.10"]
[EventType "swiss (blitz)"]

{[%evp 9,69,143,145,60,71,67,90,57,75,33,23,-41,-39,-41,-41,-28,-37,-36,-32,-59,-61,-77,-69,-73,-76,-77,-54,-182,-57,-157,-72,-94,-85,-104,397,-92,-92,-177,0,0,0,-81,-65,-77,220,197,196,174,295,294,287,270,354,310,348,348,342,329,333,288,317,-206]} 1. e4 c5 2. Nf3 Nc6 3. d4 d6 4. d5 Ne5 5. Nxe5 dxe5 {[#]} 6. b3 $146 {B32: Sicilian: Löwenthal and Kalashnikov Variations.} (6. Qh5 $16) ({Predecessor:} 6. Bb5+ Bd7 7. Qe2 a6 8. Bxd7+ Qxd7 9. Be3 e6 10. Nc3 exd5 11. exd5 Nf6 12. O-O-O {1-0 (51) Codina Blasco,J (1684)-Caravia Nogueras,I (1649) Barcelona 2018}) 6... e6 $14 7. Bb2 exd5 8. exd5 {White is better.} Nf6 9. Nd2 Qxd5 10. Bc4 (10. f3 $11) 10... Qxg2 $15 11. Qf3 Qxf3 12. Nxf3 Be6 13. Bxe6 fxe6 14. Nxe5 Bd6 15. Nc4 Bc7 16. O-O-O Rd8 17. Rde1 Kf7 18. Rhg1 ({Better is} 18. Be5 $15 Bxe5 19. Nxe5+ Ke7 20. Rhg1) 18... Rhe8 (18... Bxh2 $19 19. Ne5+ Bxe5 20. Bxe5 h5) 19. f3 (19. Be5 $15 Bxe5 20. Rxe5) 19... g6 (19... Bf4+ $142 20. Kb1 Bxh2) 20. h4 Nh5 21. Kb1 Ng3 $2 {[%mdl 8192] [#]} (21... Rd5 $17 {and life is bright.}) 22. a4 $2 ({Only move:} 22. Be5 $18) 22... Nf5 $17 23. h5 (23. Rh1 $17 {is a better defense.}) 23... Nd4 $2 (23... gxh5 $19 {And now ...Rg8 would win.} 24. Be5 Bxe5 25. Nxe5+ Kf6) 24. hxg6+ $11 hxg6 25. Rh1 (25. Rg4 $11) 25... Rh8 $17 26. Rhg1 Nxf3 $2 {[%mdl 8192]} (26... Rh2 $17 {keeps the pressure on.} 27. Rh1 Rh5) 27. Rgf1 Rh3 28. Be5 $36 {[%mdl 2048] Black is under strong pressure.} Bb8 (28... Ke7 {keeps fighting.}) 29. Bxb8 $18 Rxb8 30. Ne5+ Kg7 {[#] White must now prevent ...Nd2+.} 31. Nxf3 Rf8 {White has a decisive advantage.} 32. Ng5 ({Stronger than} 32. Rxe6 Rhxf3 33. Rxf3 Rxf3 $17) 32... Rxf1 33. Rxf1 Re3 34. Kc1 Re5 35. Kd2 $4 {[%mdl 40960] Accuracy: White = 40%, Black = 42%. . Sensor Board Error (Ke4/e5)?} (35. Nf7 $18 Rf5 36. Rxf5 exf5 37. Nd6) 1-0

[Event "Stay Safe Play From Home 293"]
[Site "Emanuel Lasker Arena"]
[Date "2020.07.10"]
[Round "1"]
[White "Mepe_Nika"]
[Black "APConnection"]
[Result "1-0"]
[WhiteElo "2380"]
[BlackElo "1754"]
[Annotator "TA"]
[PlyCount "79"]
[EventDate "2020.07.10"]
[EventType "swiss (blitz)"]

{[%evp 9,78,53,142,57,77,61,86,84,108,108,221,133,239,236,215,130,144,142,330,83,329,183,160,84,147,105,397,377,651,650,1270,1270,1240,1152,1174,1149,1155,1166,1198,1139,1356,1193,1164,1116,1620,1606,29986,29987,29986,29987,29986,29986,29999,29992,29995,29996,29997,29998,29998,29997,29997,29996,29996,29997,29997,29997,29997,29998,29998,29999,29999]} 1. d4 Nf6 2. Bf4 c5 3. e3 Ne4 {[#]} 4. Nd2 $146 ({Predecessor:} 4. Bd3 Qa5+ 5. c3 Nf6 6. Nf3 g6 7. O-O Bg7 8. Nbd2 cxd4 9. exd4 O-O 10. Qb3 d6 11. Nc4 {0-1 (22) Ducrocq,C (1399)-Lauret,P (1803) Salon de Provence 2009}) 4... Nxd2 5. Qxd2 g6 ({Black should try} 5... cxd4 $14 6. exd4 d5) 6. h4 {A45: Trompowsky Attack.} (6. O-O-O $16) 6... Bg7 7. h5 cxd4 8. exd4 {White is better.} Qb6 9. c3 Qf6 (9... Nc6 $16) 10. h6 Bf8 (10... Qe6+ $16 {was worth a try.} 11. Ne2 Bf6) 11. Be5 $18 Qe6 {...f6 is the strong threat.} 12. Be2 f6 13. Bg3 Nc6 $2 (13... Qf7 $16 14. Bg4 Na6) 14. Nf3 $2 (14. d5 $18 Qf7 15. dxc6) 14... d6 $2 (14... d5 $16 {keeps fighting.}) 15. O-O (15. d5 $142 Qf7 16. dxc6 bxc6 17. Nd4) 15... Qf7 16. b3 ({White should play} 16. d5) 16... e5 (16... d5 $142) 17. Bc4 Be6 $2 {[%mdl 8192]} (17... Qe7 $16) 18. d5 {[%mdl 64] Double Attack} Bf5 $2 (18... Bxh6 19. dxe6 {[%mdl 64] Discovered Attack} Qf8) 19. dxc6 {[%mdl 64] Discovered Attack} bxc6 20. Bxf7+ Kxf7 21. Qe2 Be6 22. Qa6 Be7 23. Qxc6 Rac8 24. Qa6 Rxc3 25. Qxa7 Rhc8 26. Nd2 f5 {[#]} 27. Nc4 $1 Kf6 (27... Bxc4 28. bxc4) 28. Bh4+ {White mates.} g5 {[#]} 29. Bxg5+ $1 {[%mdl 64] Deflection, Decoy} Kxg5 30. Qxe7+ {[%mdl 64] Double Attack} Kf4 31. Qxe6 Rg8 32. Qxg8 Rg3 33. Qxg3+ Ke4 34. Qf3+ Kd4 35. Nxd6 Kc5 36. Rfd1 e4 37. Rac1+ Kb4 38. Qc3+ Ka3 39. Qa5+ Kb2 40. Nc4# {Accuracy: White = 29%, Black = 21%.} 1-0

[Event "Stay Safe Play From Home 293"]
[Site "Emanuel Lasker Arena"]
[Date "2020.07.10"]
[Round "1"]
[White "SoulofWolf"]
[Black "Muralikrishna"]
[Result "1-0"]
[WhiteElo "2224"]
[BlackElo "1776"]
[Annotator "TA"]
[PlyCount "73"]
[EventDate "2020.07.10"]
[EventType "swiss (blitz)"]

{[%evp 9,73,-1,4,-12,0,-50,0,-5,0,-77,-61,-59,2,0,24,29,129,120,127,85,421,374,382,342,353,354,343,290,824,797,808,811,834,809,816,804,833,748,994,866,822,883,858,707,916,871,1225,1210,1389,1390,1416,1411,1457,1228,1520,1539,29977,29977,29979,1839,1991,1475,29970,6760,29986,29982]} 1. d4 c5 2. Nf3 cxd4 3. Nxd4 g6 4. c4 Bg7 5. Nc2 Nc6 {[#]} 6. e3 $146 {A30: Symmetrical English: Double Fianchetto and Hedgehog.} ({Predecessor:} 6. e4 Nf6 7. Nc3 d6 8. Be2 O-O 9. O-O b6 10. Bg5 Bb7 11. Qd2 Rc8 12. b3 a6 13. Rac1 Re8 14. Kh1 Ne5 15. f3 Ned7 16. Ne3 Qc7 17. Ncd5 Qb8 18. Rfe1 {1-0 (44) Bindrich,F (2610)-Piorun,K (2517) Wroclaw 2014}) 6... Nf6 7. Be2 d6 8. O-O {The position is equal.} O-O 9. f4 (9. Nc3 $11 {remains equal.}) 9... Bf5 10. Nc3 Bxc2 (10... Ne4 $15 11. Nxe4 Bxe4) 11. Qxc2 $11 d5 12. Rd1 {[%cal Rc4d5]} Nb4 (12... e6 $11) 13. Qb3 $36 {[%mdl 2048] White is on the roll.} a5 14. a3 dxc4 $2 {[%mdl 8192] [#] Now Black is done in.} (14... Na6 $16 {is more resistant.}) 15. Qxc4 Qc8 16. Qxc8 Raxc8 17. axb4 axb4 18. Nd5 Ne4 $2 (18... Nxd5 19. Rxd5 Rc2) 19. Nxe7+ $18 {[%mdl 64] [#] Double Attack} Kh8 20. Nxc8 Rxc8 21. Bf3 Nc5 22. Ra7 h5 23. Bxb7 Rb8 24. Ra8 Rxa8 25. Bxa8 Nb3 26. Kf2 Kh7 27. h3 g5 28. fxg5 Be5 29. h4 Kg7 30. g3 Nc5 31. Bd5 Na4 32. Bb3 Nb6 33. Kf3 Nc8 34. Rd2 (34. Rd7 $142 Kf8 35. Rd8+ {[%mdl 64] Double Attack} Ke7 36. Rxc8 Bd6 37. Rh8 Kd7 38. Bxf7 Bc7 39. Bxh5) 34... Ne7 35. Rc2 Nf5 36. Bd2 (36. Rc5 $142 f6 37. Bd2 Ne7 38. Bxb4 Nf5 39. Rb5 Kg6 40. Bc2 fxg5 41. Rxe5) 36... Nd6 37. Bxb4 {Accuracy: White = 65%, Black = 34%.} 1-0

[Event "Stay Safe Play From Home 293"]
[Site "Emanuel Lasker Arena"]
[Date "2020.07.10"]
[Round "1"]
[White "Don59as"]
[Black "Justwatch"]
[Result "1-0"]
[WhiteElo "2151"]
[BlackElo "1676"]
[Annotator "NA"]
[PlyCount "77"]
[EventDate "2020.07.10"]
[EventType "swiss (blitz)"]

1. c4 {[%emt 0:00:02]} Nf6 {[%emt 0:00:01]} 2. Nc3 {[%emt 0:00:01]} g6 {[%emt 0:00:00]} 3. e4 {[%emt 0:00:01]} Bg7 {[%emt 0:00:00]} 4. g3 {[%emt 0:00:00]} O-O {[%emt 0:00:01]} 5. Bg2 {[%emt 0:00:00]} d6 {[%emt 0:00:01]} 6. Nge2 {[%emt 0:00:00]} Nc6 {[%emt 0:00:00]} 7. O-O {[%emt 0:00:00]} e5 {[%emt 0:00:00]} 8. d3 {[%emt 0:00:01]} Bg4 {[%emt 0:00:00]} 9. h3 {[%emt 0:00:00]} Bxe2 {[%emt 0:00:00]} 10. Nxe2 {[%emt 0:00:00]} Nd4 {[%emt 0:00:00]} 11. Nxd4 {[%emt 0:00:01]} exd4 {[%emt 0:00:00]} 12. f4 {[%emt 0:00:00]} c5 {[%emt 0:00:00]} 13. f5 {[%emt 0:00:01]} Nh5 {[%emt 0:00:01]} 14. g4 {[%emt 0:00:02]} Nf6 {[%emt 0:00:01]} 15. g5 {[%emt 0:00:01]} Nh5 {[%emt 0:00:01]} 16. f6 {[%emt 0:00:01]} Bh8 {[%emt 0:00:01]} 17. Qg4 {[%emt 0:00:02]} Qb8 {[%emt 0:00:01]} 18. Bf3 {[%emt 0:00:01]} Qc8 {[%emt 0:00:01]} 19. Qh4 {[%emt 0:00:03]} Qe6 {[%emt 0:00:04]} 20. Bxh5 {[%emt 0:00:01]} gxh5 {[%emt 0:00:00]} 21. Qxh5 {[%emt 0:00:01]} Bxf6 {[%emt 0:00:01]} 22. gxf6 {[%emt 0:00:03]} Kh8 {[%emt 0:00:01]} 23. Rf5 {[%emt 0:00:03]} Rg8+ {[%emt 0:00:01]} 24. Kf2 {[%emt 0:00:03]} Rg6 {[%emt 0:00:02]} 25. Bg5 {[%emt 0:00:02]} Rag8 {[%emt 0:00:02]} 26. h4 {[%emt 0:00:02]} a6 {[%emt 0:00:03]} 27. Rg1 {[%emt 0:00:02]} b5 {[%emt 0:00:02]} 28. b3 {[%emt 0:00:00]} bxc4 {[%emt 0:00:01]} 29. bxc4 {[%emt 0:00:00]} d5 {[%emt 0:00:01]} 30. cxd5 {[%emt 0:00:03]} Qd6 {[%emt 0:00:01]} 31. Qf3 {[%emt 0:00:02]} Qh2+ {[%emt 0:00:02]} 32. Rg2 {[%emt 0:00:00]} Qd6 {[%emt 0:00:01]} 33. h5 {[%emt 0:00:01]} Rxg5 {[%emt 0:00:02]} 34. Rfxg5 {[%emt 0:00:00]} Rxg5 {[%emt 0:00:02]} 35. Rxg5 {[%emt 0:00:01]} Qh2+ {[%emt 0:00:03]} 36. Rg2 {[%emt 0:00:02]} Qh4+ {[%emt 0:00:00]} 37. Qg3 {[%emt 0:00:01]} Qxg3+ {[%emt 0:00:01]} 38. Rxg3 {[%emt 0:00:01]} h6 {[%emt 0:00:00]} 39. Rg7 {[%emt 0:00:01] Justwatch terk eder (Lag: Av=0.58s, max=0.8s)} 1-0

[Event "Stay Safe Play From Home 293"]
[Site "Emanuel Lasker Arena"]
[Date "2020.07.10"]
[Round "1"]
[White "Trotsky"]
[Black "Lamborghini"]
[Result "0-1"]
[WhiteElo "1606"]
[BlackElo "2176"]
[Annotator "TA"]
[PlyCount "32"]
[EventDate "2020.07.10"]
[EventType "swiss (blitz)"]

{[%evp 9,32,-6,18,-28,13,-44,-29,-45,-36,-92,-88,-89,-74,-62,-47,-495,-501,-491,-482,-660,-537,-620,-520,-1544,-1512]} 1. d4 Nf6 2. e3 g6 3. c4 Bg7 4. Nc3 O-O 5. Bd3 d6 6. Qc2 {E61: King's Indian: Early deviations for White, including Smyslov System.} Nc6 7. Nf3 {[#]} ({White should try} 7. a3 $11) 7... Nb4 $146 ({Predecessor:} 7... e5 8. dxe5 dxe5 9. O-O Nb4 10. Qb3 Nxd3 11. Rd1 e4 12. Nxe4 Nxe4 13. Rxd3 Qe7 14. Rd1 Bg4 {0-1 (33) Henao,S-Castro Osorio,L Cali 2015}) 8. Qb1 {Black has an edge.} c5 9. a3 (9. dxc5 $15 Nxd3+ 10. Qxd3) 9... Nxd3+ $17 10. Qxd3 cxd4 11. exd4 e5 $36 {[%mdl 2048] White must now prevent ...e4! Black fights for an advantage.} 12. d5 $2 {[%mdl 8192] [#]} (12. Bg5 $15) 12... e4 $1 $19 {[%cal Re4d3][%mdl 512] Black is clearly winning.} 13. Nxe4 Nxe4 14. h4 Re8 15. Be3 Nc5 16. Qc3 (16. Qd1 $142) 16... Bxc3+ {White got outplayed after the opening. Accuracy: White = 20%, Black = 82%.} 0-1

[Event "Stay Safe Play From Home 293"]
[Site "Emanuel Lasker Arena"]
[Date "2020.07.10"]
[Round "1"]
[White "Klasman"]
[Black "AChessPlayer"]
[Result "0-1"]
[WhiteElo "1357"]
[BlackElo "2387"]
[Annotator "TA"]
[PlyCount "44"]
[EventDate "2020.07.10"]
[EventType "swiss (blitz)"]

{[%evp 9,44,-40,-44,-36,-14,-128,-108,-123,-123,-150,-133,-152,-146,-158,-154,-243,-258,-540,-552,-654,-641,-825,-617,-634,-641,-649,-638,-660,-632,-812,-804,-827,-820,-806,-735,-835,-816]} 1. f4 d5 2. e3 Nc6 3. Nf3 Bg4 4. c4 d4 {[#]} 5. d3 $146 ({Predecessor:} 5. e4 e5 6. f5 Nf6 7. d3 Bb4+ 8. Nbd2 Qe7 9. Be2 O-O-O 10. a3 Bxd2+ 11. Bxd2 g6 12. fxg6 hxg6 {0-1 (51) Sailer,F (1380)-Usov,A (1491) Willingen 2009}) 5... dxe3 6. Bxe3 {A03: Bird's Opening with 1...d5.} g6 7. Qb3 (7. h3 $11 Bxf3 8. Qxf3) 7... Bxf3 $1 $17 8. gxf3 {Black is better.} Rb8 9. Bg2 e6 10. O-O Bg7 11. Nc3 Nge7 12. d4 (12. Bf2 $17) 12... Nf5 $19 ({But not} 12... Nxd4 13. Qa4+ Qd7 14. Qxd7+ Kxd7 15. Bf2) 13. d5 $2 {[#]} (13. Ne2 {is a better defense.}) 13... Nxe3 {Black is clearly winning.} 14. dxc6 bxc6 15. Qa4 Nxf1 16. Qxc6+ Qd7 17. Qxd7+ Kxd7 18. Kxf1 Bxc3 19. Rd1+ Ke7 20. bxc3 Rhd8 21. Rxd8 Kxd8 22. Bh3 c5 {White got outplayed after the opening. Accuracy: White = 25%, Black = 93%.} 0-1

[Event "Stay Safe Play From Home 293"]
[Site "Emanuel Lasker Arena"]
[Date "2020.07.10"]
[Round "2"]
[White "AChessPlayer"]
[Black "Mepe_Nika"]
[Result "0-1"]
[WhiteElo "2387"]
[BlackElo "2380"]
[Annotator "TA"]
[PlyCount "100"]
[EventDate "2020.07.10"]
[EventType "swiss (blitz)"]

{[%evp 9,99,-22,-31,-54,-57,-80,-81,-88,-49,-49,-41,-43,-45,-63,-51,-118,-111,-137,-87,-150,-146,-142,-139,-141,-137,-310,-302,-549,-558,-676,-667,-780,-768,-896,-901,-893,-868,-1391,-1395,-1665,-1646,-1560,-1505,-1428,-1389,-1808,-1816,-1525,-1689,-1723,-1632,-2290,-2256,-29971,-29969,-29991,-29980,-29981,-29982,-29981,-29982,-29983,-29984,-29984,-29984,-29985,-29986,-29986,-29987,-29988,-29988,-29991,-29989,-29992,-29993,-29993,-29992,-29992,-29993,-29993,-29994,-29994,-29995,-29995,-29995,-29995,-29996,-29997,-29996,-29998,-29999,-29999]} 1. b3 d5 2. Bb2 Bf5 3. e3 e6 4. Ne2 Nf6 5. Ng3 Bg6 $1 6. h4 {[#] A01: Nimzowitsch-Larsen Opening.} h6 $146 ({Predecessor:} 6... h5 7. Bd3 Bxd3 8. cxd3 c5 9. Qf3 Nbd7 10. d4 Rc8 11. Nc3 cxd4 12. exd4 a6 {½-½ (41) Carnstam,T (2004)-Andersen,G (1774) Copenhagen 2010}) 7. Bd3 Bxd3 8. cxd3 {Black is better.} Be7 9. Nc3 Nbd7 10. d4 O-O 11. d3 c5 12. Rc1 (12. dxc5 $15 Bxc5 13. O-O) 12... cxd4 $17 13. exd4 Qb6 14. Nce2 (14. Nge2 $142) 14... Rac8 15. O-O Qa6 16. a4 Qb6 17. Nc3 $2 {[#] This move loses the game for White.} (17. Bc3 $17) 17... Qxd4 $19 18. Nxd5 $2 (18. Nge2 {might work better.} Qxh4 19. g3) 18... Qxd5 19. Qe1 Qxd3 20. Ba1 Qxb3 21. Qe2 Qxa4 22. Rcd1 Qxh4 {[#] aiming for ...Bc5.} 23. Rd3 Ng4 {( -> ...Qh2#)} 24. Qxg4 Qxg4 25. Rxd7 Bf6 26. Bxf6 gxf6 27. Rd3 Rfd8 28. Rf3 Rd4 29. Ne2 Rc2 30. Nxd4 Qxd4 31. g3 f5 {Black mates.} 32. Kg2 Kg7 33. Rf4 Qd5+ 34. Kg1 Rc4 35. Rxc4 Qxc4 {[%mdl 4096] Endgame KQ-KR} 36. Rd1 Qe2 37. Rd7 b5 38. Rc7 b4 39. Rxa7 b3 40. Rb7 b2 41. Kh2 Qxf2+ 42. Kh3 Qf1+ 43. Kh2 b1=Q 44. Rxb1 Qxb1 45. g4 Qc2+ 46. Kg3 Qd3+ 47. Kh2 fxg4 48. Kh1 Qe2 49. Kg1 g3 50. Kh1 Qf1# {Accuracy: White = 42%, Black = 83%.} 0-1

[Event "Stay Safe Play From Home 293"]
[Site "Emanuel Lasker Arena"]
[Date "2020.07.10"]
[Round "2"]
[White "Lamborghini"]
[Black "Broken sword"]
[Result "0-1"]
[WhiteElo "2178"]
[BlackElo "2516"]
[Annotator "TA"]
[PlyCount "106"]
[EventDate "2020.07.10"]
[EventType "swiss (blitz)"]

{[%evp 9,106,-6,30,9,5,9,20,13,17,0,47,24,45,35,28,16,33,-28,67,0,0,-7,6,0,0,-147,0,0,8,0,0,-16,0,-2,0,-16,0,-41,17,18,30,21,27,20,125,0,27,14,29,38,38,-80,44,34,37,14,29,26,33,38,142,136,167,169,181,164,155,0,0,0,0,0,0,0,10,7,21,0,10,8,168,-119,-84,-128,-124,-122,-122,-119,-95,-113,-110,-118,-76,-121,-120,-12845,-12845,-29987,-29988]} 1. e4 e6 2. d3 c5 3. Nd2 a6 4. Ngf3 Nc6 5. g3 g6 6. Bg2 {C00: French: Unusual White 2nd moves.} Bg7 7. O-O Nge7 {[#]} 8. Nb3 $146 {The position is equal.} ({Predecessor:} 8. Re1 O-O 9. Nf1 d5 10. c3 b5 11. Bf4 b4 12. Qd2 a5 13. Bh6 dxe4 14. Bxg7 exf3 {0-1 (39) Franzen,T (1987)-Boidman,Y (2335) Prague 2020}) 8... d6 9. c3 b5 10. d4 cxd4 11. Nbxd4 Bb7 12. Nxc6 Bxc6 13. Bf4 (13. Qd3 $14) 13... d5 (13... e5 $11 14. Bg5 Bxe4) 14. exd5 (14. e5 $14) 14... Bxd5 $11 15. Be5 O-O {aiming for ...Bxf3.} 16. Bxg7 Kxg7 17. Qe2 (17. Qd4+ $11 {remains equal.} f6 18. Rfd1) 17... Qb6 ({Black should play} 17... Bc4 $17 18. Qe5+ f6) 18. Rfd1 Qb7 19. Qe5+ Kg8 20. Nh4 Bxg2 21. Nxg2 Rad8 22. Nf4 Nf5 23. h4 (23. Rd3 {looks sharper.} b4 24. c4 Qc6 25. b3 Rxd3 26. Nxd3 Rd8 27. Nxb4 Qf3 28. Qc7) 23... Qb8 ({Black should try} 23... Qf3 $15 24. Rxd8 Rxd8) 24. Qxb8 Rxb8 25. Rd7 b4 26. c4 b3 (26... Rfd8 $11 27. Rad1 Rxd7 28. Rxd7 b3 29. axb3 Kf8) 27. a3 (27. axb3 $16 Rxb3 28. c5 (28. Rxa6 Rxb2 29. c5 Rbb8 $16)) 27... Rbc8 28. Rc1 Rfd8 29. Rxd8+ Rxd8 {[%mdl 4096] Endgame KRN-KRN} 30. c5 (30. Rc3 $1 $14 {was forced to keep a grip.}) 30... Rc8 (30... e5 $17 31. Ng2 Rd2) 31. Rc3 Nd4 32. Kg2 Kf8 33. Nd3 Ke7 34. Rc4 Nb5 (34... Nc6 $14) 35. a4 $16 Nc7 36. Rb4 Nd5 37. Rb7+ Rc7 38. c6 $2 {[#]} (38. Rxb3 $16 e5 39. Nxe5) 38... Kd6 $11 39. Rxb3 Rxc6 40. Rb7 Rc7 41. Rb3 Ke7 42. Rb8 h5 43. b4 Rc3 44. Nc5 {With the idea Rb7+.} Nxb4 $2 (44... a5 $1 $11) 45. Rxb4 $2 ({White must play} 45. Rb7+ $18 Kd8 46. Ne4) 45... Rxc5 {KR-KR} 46. Rb7+ Kf6 47. Rb6 {[#]} Ra5 $1 48. Rb4 Ke7 49. Kf3 Kd6 50. Ke2 Kc5 51. Rf4 f5 {Hoping for ...e5.} 52. Kf3 $2 {[%mdl 8192]} (52. Kd3 $17) 52... e5 $19 53. Rb4 Kxb4 {What a bad dream for White. Accuracy: White = 63%, Black = 61%.} 0-1

[Event "Stay Safe Play From Home 293"]
[Site "Emanuel Lasker Arena"]
[Date "2020.07.10"]
[Round "2"]
[White "Lazieri3"]
[Black "SoulofWolf"]
[Result "0-1"]
[WhiteElo "2081"]
[BlackElo "2227"]
[Annotator "TA"]
[PlyCount "70"]
[EventDate "2020.07.10"]
[EventType "swiss (blitz)"]

{[%evp 9,70,-9,2,0,29,3,112,76,104,50,81,64,81,20,80,58,249,252,234,25,13,9,270,27,152,0,48,3,37,-28,0,-36,0,-96,-45,-55,-19,-1106,-1102,-1030,-1041,-1176,-1128,-1101,-896,-2029,-2018,-29986,-29987,-29988,-29988,-29990,-29991,-29991,-29992,-29992,-29991,-29992,-29988,-29991,-29991,-29992,-29993]} 1. e4 e6 2. e5 a6 3. d4 {[#]} d5 $146 ({Predecessor:} 3... b5 4. g3 Bb7 5. Nf3 c5 6. dxc5 Bxc5 7. Nc3 Ne7 {0-1 (7) Bianchi,L (800)-Rush,B (867) LSS email 2012}) 4. exd6 Bxd6 5. c3 Nd7 6. Nf3 {C00: French: Unusual White 2nd moves.} Ne7 7. Bd3 f6 (7... c5 $11 {remains equal.}) 8. O-O {White is better.} O-O 9. h3 (9. Nbd2 $16) 9... Re8 10. Re1 Nf8 11. Qe2 (11. Nbd2 $16) 11... b5 (11... c5 $11) 12. a4 $16 c6 $2 (12... Bb7 $14) 13. axb5 $18 cxb5 {[#]} 14. c4 $2 (14. Bxb5 $1 $18 {[%mdl 512]} Bd7 (14... axb5 15. Rxa8) 15. Rxa6 Bxb5 16. Qxb5) 14... bxc4 $11 15. Bxc4 Nf5 $2 {[%mdl 8192]} (15... Bb7 $11 {and Black is okay.}) 16. Nc3 $2 (16. Qe4 $18 Qc7 17. Ba2 (17. Qxa8 Qxc4 18. Nc3 Re7 $16) 17... Nxd4 18. Qxd4) 16... Bb4 (16... Bb7 $11) 17. Be3 $2 (17. Qe4 $16 Nd6 18. Qxa8 Nxc4 19. Qc6) 17... Kh8 18. Red1 {[%cal Rc4a6]} Qc7 19. Qd3 ({Better is} 19. Rdc1 $14) 19... a5 20. d5 Rd8 21. Qe4 (21. Nb5 $11 Qb7 22. Bd2) 21... Bb7 ({Black should play} 21... Nxe3 $17 22. fxe3 Bb7) 22. Bf4 $15 Qb6 (22... Qc8 {looks sharper.} 23. Ba2 Bxc3 24. bxc3 exd5 25. Qb1 Ng6) 23. dxe6 $2 {[%mdl 8192]} (23. Na4 $11 Qa7 24. Bb3) 23... Bxe4 $19 24. Nxe4 Nxe6 25. Ng3 Nxf4 26. Nxf5 Qc5 27. b3 Qxf5 28. Rxd8+ Rxd8 {Black mates.} 29. Rc1 {[#]} Qg6 $1 {[%csl Gf4][%cal Rg6g2]} 30. Nh4 {[#]} Qg5 $1 31. g3 Nxh3+ 32. Kg2 {[#]} Qg4 $1 33. Kh2 Nf4 34. gxf4 Qxf4+ {[%mdl 64] Double Attack} 35. Kh3 Qxc1 {What a bad dream for White. Accuracy: White = 22%, Black = 12%.} 0-1

[Event "Stay Safe Play From Home 293"]
[Site "Emanuel Lasker Arena"]
[Date "2020.07.10"]
[Round "2"]
[White "Muralikrishna"]
[Black "Edmatuag"]
[Result "1-0"]
[WhiteElo "1774"]
[BlackElo "1631"]
[Annotator "NA RC"]
[PlyCount "63"]
[EventDate "2020.07.10"]
[EventType "swiss (blitz)"]

1. e4 {[%emt 0:00:02]} d5 {[%emt 0:00:00]} 2. exd5 {[%emt 0:00:02]} Qxd5 {[%emt 0:00:00]} 3. d4 {[%emt 0:00:00]} Qa5+ {[%emt 0:00:00]} 4. Nc3 {[%emt 0:00:03]} c5 {[%emt 0:00:02]} 5. Nf3 {[%emt 0:00:01]} cxd4 {[%emt 0:00:01]} 6. Qxd4 {[%emt 0:00:00]} Nc6 {[%emt 0:00:01]} 7. Bb5 {[%emt 0:00:02]} Bd7 {[%emt 0:00:03]} 8. Qf4 {[%emt 0:00:02]} Nf6 {[%emt 0:00:02]} 9. O-O {[%emt 0:00:02]} e6 {[%emt 0:00:04]} 10. Bd2 {[%emt 0:00:02]} Rc8 {[%emt 0:00:07]} 11. Bxc6 {[%emt 0:00:04]} Rxc6 {[%emt 0:00:04]} 12. Nd5 {[%emt 0:00:02]} Qd8 {[%emt 0:00:02]} 13. Nxf6+ {[%emt 0:00:06]} Qxf6 {[%emt 0:00:01]} 14. Ne5 {[%emt 0:00:01]} Qxf4 {[%emt 0:00:01]} 15. Bxf4 {[%emt 0:00:01]} Rxc2 {[%emt 0:00:01]} 16. b3 {[%emt 0:00:01]} Be7 {[%emt 0:00:02]} 17. h3 {[%emt 0:00:09]} Bc6 {[%emt 0:00:01]} 18. Nxc6 {[%emt 0:00:01]} Rxc6 {[%emt 0:00:01]} 19. Rad1 {[%emt 0:00:03]} Rc8 {[%emt 0:00:06]} 20. Rfe1 {[%emt 0:00:02]} Rd8 {[%emt 0:00:01]} 21. Rc1 {[%emt 0:00:02]} O-O {[%emt 0:00:01]} 22. Rc7 {[%emt 0:00:01]} Bd6 {[%emt 0:00:04]} 23. Bxd6 {[%emt 0:00:02]} Rxd6 {[%emt 0:00:00]} 24. Rxb7 {[%emt 0:00:01]} Ra6 {[%emt 0:00:00]} 25. Re2 {[%emt 0:00:01]} h6 {[%emt 0:00:01]} 26. Kh2 {[%emt 0:00:00]} Rc8 {[%emt 0:00:01]} 27. Rd2 {[%emt 0:00:01]} Kh8 {[%emt 0:00:06]} 28. Rdd7 {[%emt 0:00:00]} Rc2 {[%emt 0:00:02]} 29. Rxf7 {[%emt 0:00:00]} Raxa2 {[%emt 0:00:02]} 30. Rxg7 {[%emt 0:00:01]} Rxf2 {[%emt 0:00:01]} 31. Rh7+ {[%emt 0:00:00]} Kg8 {[%emt 0:00:01]} 32. Rbg7+ {[%emt 0:00:00] Time (Lag: Av=0.76s, max=1.4s)} 1-0